00760nam a2200253Ia 4500003000400000005001700004008004100021020001800062040001800080041000800098082002200106100002000128245008600148250001200234260004100246300002800287650004300315650004300358650002800401700001700429700001400446700002400460700002200484OSt20230715100933.0210716s2002 xx 000 0 und d a9780130984258 cAIMIT LIBRARY aeng a004.694 21bTURE aTurban, Efraim. aElectronic commerce 2002: bmanagerial perspective /cBy Efraim Turban...[et.al]. a1st ed. aNew Jersey :bPrentice Hall ,c2002. axli,914p. ;bPBc25 cm. aElectronic commerce internet marketing aSuccessful click and mortar strategies aAdvertisment strategies aKing, David. aLee, Jae. aWarkentin, Merrill. aCHung, H Michael.